Filmsongs den Filmen zuordnen - Statistiken

Allgemein
  • Dieses Quiz wurde 8.911 mal gespielt
    7.796 seit der letzten Aktualisierung
  • Das Durchschnittsergebnis liegt bei 9 aus 24
Antwortstatistiken
Song Jahr Film % Korrekt
My Heart Will Go On 1997 Titanic
89%
Eye Of The Tiger 1982 Rocky III – Das Auge des Tigers
76%
Let It Go / Lass jetzt los 2013 Die Eiskönigin
73%
(I’ve Had) The Time Of My Life 1987 Dirty Dancing
70%
Arabian Nights / Arabische Nächte 1992 Aladdin
59%
Under The Sea / Unten im Meer 1989 Arielle, die Meerjungfrau
51%
Lose Yourself 2002 8 Mile
49%
I Will Always Love You 1992 Bodyguard
44%
Shallow 2018 A Star Is Born
41%
You're The One That I Want 1978 Grease
36%
You'll Be In My Heart / Dir gehört mein Herz 1999 Tarzan
36%
Over The Rainbow 1939 Der Zauberer von Oz
34%
Neverending Story 1984 Die unendliche Geschichte
32%
Happy 2013 Ich – Einfach unverbesserlich 2
30%
Lady Marmalade 2001 Moulin Rouge
28%
Take My Breath Away 1986 Top Gun
26%
What A Feeling & Maniac 1983 Flashdance
24%
Time Warp 1975 Rocky Horror Picture Show
24%
Stayin’ Alive 1977 Saturday Night Fever
24%
I Will Follow Him 1992 Sister Act – Eine himmlische Karriere
23%
I Don't Want To Miss A Thing 1998 Armageddon
20%
Mrs. Robinson 1967 Die Reifeprüfung
16%
Unchained Melody 1990 Ghost - Nachricht von Sam
13%
Bittersweet Symphony 1999 Eiskalte Engel
9%
Keine übereinstimmenden Quizze gefunden
Verteilung der Resultate
Anzahl Personen mit jedem Resultat
Perzentil nach korrekt beantworteten Fragen
Ihre Resultats-Entwicklung
Sie haben dieses Quiz seit der letzten Aktualisierung nicht gespielt